Le bourgeois gentilhomme

Salvato in:
Dettagli Bibliografici
Autore principale: Molière, Jean-Baptiste (autor)
Natura: Libro
Lingua:francese
Pubblicazione: París Bordas 1972
Edizione:1a. ed
Serie:Univers des Lettres, 216
Soggetti:
Tags: Aggiungi Tag
Nessun Tag, puoi essere il primo ad aggiungerne!!

MARC

LEADER 00000nam a2200000 a 4500
001 UCH0365
003 CL-VaPUC
008 090306e19720000FR |||||||||||||||||fre|d
082 0 4 |a 842  |b MOL  |2 21 
100 |a Molière, Jean-Baptiste  |e autor  |9 339603 
245 1 3 |a Le bourgeois gentilhomme 
246 1 3 |a La comtesse d'Escarbagnas 
250 |a 1a. ed 
300 |a 191 p 
942 |c BK 
945 |d 20090306 00:00:00  |a cmena 
260 |a París  |b Bordas  |c 1972 
500 |a Avec une notice sur le théâtre au XVIIe siècle, une biographie chronologique de Molière, une étude générale de son oeuvre, une analyse méthodique de Bourgeois, des notes, des questions, par Jan Thoraval 
650 0 |a Literatura francesa  |9 266330 
650 0 |a Teatro francés  |9 265089 
650 0 |a Comedias francesas  |9 265090 
583 |a last modification  |c 20150603 12:09:21  |k Rodrigo Vera 
490 0 |a Univers des Lettres, 216 
999 |c 332696  |d 332694 
952 |0 0  |1 0  |4 0  |6 842_000000000000000_MOL_1972  |7 0  |8 A  |9 420563  |a BIBEDU  |b BIBEDU  |d 2019-11-22  |i 4519620  |o 842 MOL 1972  |p 4519620  |r 2019-11-22  |w 2019-11-22  |y BK  |k LIT